[Event "27. ekipno prvenstvo RH - I.B"]
[Site "Biograd, Hotel Adria"]
[Date "2018.09.16"]
[Round "2.13"]
[White "Krstic, Uros"]
[Black "Bilobrk, Franjo"]
[Result "1-0"]
[WhiteElo "2364"]
[BlackElo "2360"]
[PlyCount "59"]
[EventDate "2018.09.15"]
[WhiteTeam "ŠK STRIDON Štrigova"]
[BlackTeam "ŠK GORAN Bibinje"]

1. e4 e6 2. d4 d5 3. Nd2 c5 4. exd5 Qxd5 5. Ngf3 cxd4 6. Bc4 Qd6 7. O-O Nf6 8.
Nb3 Nc6 9. Nbxd4 Nxd4 10. Nxd4 Be7 11. b3 a6 12. a4 Qc7 13. Qf3 O-O 14. Bb2 Bd7
15. Rad1 Rab8 16. Qe2 Bc6 17. Nf5 b5 18. Be5 Qb7 19. Nxe7+ Qxe7 20. Bxb8 Rxb8
21. axb5 axb5 22. Bd3 Qb7 23. f3 Nd5 24. Qf2 f5 25. Ra1 Qe7 26. Rfe1 g6 27. Qd4
Qg5 28. Ra7 Rb7 29. Ra8+ Kf7 30. Qh8 1-0

[Event "27. ekipno prvenstvo RH - I.B"]
[Site "Biograd, Hotel Adria"]
[Date "2018.09.16"]
[Round "2.14"]
[White "Sinanovic, Muhamed"]
[Black "Vernacki, Srdjan"]
[Result "0-1"]
[WhiteElo "2339"]
[BlackElo "2357"]
[PlyCount "156"]
[EventDate "2018.09.15"]
[WhiteTeam "ŠK GORAN Bibinje"]
[BlackTeam "ŠK STRIDON Štrigova"]

1. c4 c5 2. Nc3 Nf6 3. g3 e6 4. Bg2 Be7 5. Nf3 O-O 6. O-O a6 7. b3 Qc7 8. Bb2
d6 9. e3 b6 10. d4 cxd4 11. exd4 Nbd7 12. Re1 Bb7 13. Rc1 Rfe8 14. a4 Rac8 15.
d5 e5 16. Bh3 Bf8 17. Nd2 Rcd8 18. Qe2 Bc8 19. f3 g6 20. Ba3 Nh5 21. Bf1 Ng7
22. b4 Nf5 23. Nb3 Nd4 24. Qd1 Bh6 25. Rb1 Nxb3 26. Rxb3 Nf6 27. Bc1 Bxc1 28.
Qxc1 Bf5 29. Ne4 Bxe4 30. fxe4 a5 31. c5 bxc5 32. b5 Nd7 33. Qh6 Nb6 34. Rf3
Qe7 35. Bh3 Rf8 36. Ref1 f6 37. Be6+ Kh8 38. g4 Qg7 39. Qd2 Rb8 40. Qxa5 Qh6
41. Qe1 Nxa4 42. Rxf6 Rxf6 43. Rxf6 Nb2 44. Qe2 Qc1+ 45. Rf1 Qc3 46. Kh1 Qd3
47. Qg2 Nc4 48. Qf3 Qxf3+ 49. Rxf3 Nd2 50. Rf7 Nxe4 51. h4 c4 52. Kg2 c3 53.
Rf1 Nc5 54. Rc1 Rxb5 55. Rxc3 Kg7 56. g5 Rb2+ 57. Kg1 Rb4 58. Ra3 Ra4 59. Rf3
Rf4 60. Ra3 Ra4 61. Rf3 Nxe6 62. dxe6 Rg4+ 63. Kh2 Rxh4+ 64. Kg3 Rb4 65. Rf7+
Kg8 66. Rd7 Kf8 67. Rxd6 Ke7 68. Ra6 Rd4 69. Kf3 Rd6 70. Ra7+ Kxe6 71. Rxh7 Kf5
72. Rf7+ Kxg5 73. Ke4 Rf6 74. Ra7 Rf1 75. Kxe5 Re1+ 76. Kd4 Kf4 77. Rf7+ Kg4
78. Kd3 g5 0-1

[Event "27. ekipno prvenstvo RH - I.B"]
[Site "Biograd, Hotel Adria"]
[Date "2018.09.16"]
[Round "2.15"]
[White "Trbojevic, Mladen"]
[Black "Biliskov, Vjekoslav"]
[Result "1/2-1/2"]
[WhiteElo "2353"]
[BlackElo "2292"]
[PlyCount "98"]
[EventDate "2018.09.15"]
[WhiteTeam "ŠK STRIDON Štrigova"]
[BlackTeam "ŠK GORAN Bibinje"]

1. d4 d5 2. Bf4 e6 3. e3 Bd6 4. Bg3 Ne7 5. Nf3 Nf5 6. Nbd2 O-O 7. Bd3 Nc6 8. c3
h6 9. Qc2 Qe7 10. O-O-O Nxg3 11. hxg3 e5 12. dxe5 Nxe5 13. Nxe5 Bxe5 14. f4 Bf6
15. Rde1 Bd7 16. e4 dxe4 17. Bxe4 Qd8 18. Bf3 Rb8 19. g4 g6 20. Rxh6 Bg7 21.
Rhh1 b5 22. g3 b4 23. c4 Re8 24. Ne4 Bc6 25. Ng5 Bxf3 26. Nxf3 Qd7 27. f5 Qc6
28. Nd2 Re5 29. Rhf1 Rbe8 30. Rxe5 Rxe5 31. Nb3 Qe4 32. fxg6 fxg6 33. Qxe4 Rxe4
34. Nd2 Rxg4 35. Rf3 Be5 36. Kc2 Rxg3 37. Rf2 Kg7 38. Ne4 Rh3 39. Re2 Rh2 40.
Rxh2 Bxh2 41. Kb3 Be5 42. Kxb4 Bxb2 43. Kb5 Kf7 44. Kc6 Be5 45. Kd7 Bf4 46. c5
g5 47. Nxg5+ Bxg5 48. Kxc7 Ke7 49. Kb7 Kd8 1/2-1/2

[Event "27. ekipno prvenstvo RH - I.B"]
[Site "Biograd, Hotel Adria"]
[Date "2018.09.16"]
[Round "2.16"]
[White "Jusic, Zdenko"]
[Black "Horvat, David"]
[Result "1-0"]
[WhiteElo "2261"]
[BlackElo "2212"]
[PlyCount "85"]
[EventDate "2018.09.15"]
[WhiteTeam "ŠK GORAN Bibinje"]
[BlackTeam "ŠK STRIDON Štrigova"]

1. e4 c5 2. Nf3 d6 3. Bb5+ Nd7 4. d4 cxd4 5. Qxd4 e5 6. Qa4 h6 7. g4 Be7 8. Nc3
Ngf6 9. h3 O-O 10. Be3 Nb6 11. Qa5 Be6 12. O-O-O Qc8 13. g5 hxg5 14. Bxg5 Qc5
15. Be3 Qc8 16. Ng5 Nc4 17. Bxc4 Bxc4 18. Nd5 Nxd5 19. exd5 Be2 20. Rdg1 Qf5
21. Qd2 Bh5 22. b3 Rfc8 23. Kb2 Bg6 24. c3 Rc7 25. a4 Rac8 26. c4 a6 27. a5 Bf6
28. Ka3 Qd7 29. Qb4 Bd3 30. Rg4 Bf5 31. Rh4 Bxg5 32. Bxg5 f6 33. Be3 g5 34. Rg1
Bg6 35. Rhg4 Bf5 36. R4g3 Kf8 37. Bb6 Rc5 38. h4 g4 39. f3 Qh7 40. fxg4 Bc2 41.
Bxc5 Rxc5 42. Qb6 Qc7 43. Kb2 1-0

[Event "27. ekipno prvenstvo RH - I.B"]
[Site "Biograd, Hotel Adria"]
[Date "2018.09.16"]
[Round "2.21"]
[White "Kosic, Dragan"]
[Black "Saric, Ante"]
[Result "1/2-1/2"]
[WhiteElo "2465"]
[BlackElo "2535"]
[PlyCount "24"]
[EventDate "2018.09.15"]
[WhiteTeam "AŠK JUNIOR Rijeka"]
[BlackTeam "ŠK MORNAR Split"]

1. d4 d5 2. Bf4 Nf6 3. e3 c5 4. c3 Nc6 5. Nd2 Bf5 6. Qb3 Qd7 7. Ngf3 c4 8. Qd1
e6 9. Be2 Bd6 10. Bxd6 Qxd6 11. b3 b5 12. O-O O-O 1/2-1/2

[Event "27. ekipno prvenstvo RH - I.B"]
[Site "Biograd, Hotel Adria"]
[Date "2018.09.16"]
[Round "2.22"]
[White "Galyas, Miklos"]
[Black "Antunac, Goran"]
[Result "0-1"]
[WhiteElo "2512"]
[BlackElo "2359"]
[PlyCount "84"]
[EventDate "2018.09.15"]
[WhiteTeam "ŠK MORNAR Split"]
[BlackTeam "AŠK JUNIOR Rijeka"]

1. d4 g6 2. Nf3 Nf6 3. Bg5 Bg7 4. Nbd2 d5 5. e3 O-O 6. Be2 c5 7. c3 cxd4 8.
exd4 Nc6 9. O-O Qc7 10. Re1 Re8 11. Bh4 Bg4 12. Bg3 Qb6 13. Qb3 Qxb3 14. axb3
Nh5 15. b4 Nxg3 16. hxg3 a6 17. Nb3 Rac8 18. Nc5 Rc7 19. b5 axb5 20. Bxb5 Bxf3
21. gxf3 Rec8 22. Bxc6 bxc6 23. f4 e6 24. b4 Bf8 25. Nd3 h5 26. Ra6 Be7 27. Kg2
Kg7 28. Rea1 Kf6 29. Kf3 Kf5 30. Rb6 f6 31. Raa6 Bd8 32. Ne1 e5 33. fxe5 fxe5
34. Nc2 e4+ 35. Ke2 Bg5 36. Na3 Kg4 37. b5 Rf7 38. Rxc6 Rcf8 39. f4 exf3+ 40.
Kf1 h4 41. gxh4 Rh7 42. hxg5 Kg3 0-1

[Event "27. ekipno prvenstvo RH - I.B"]
[Site "Biograd, Hotel Adria"]
[Date "2018.09.16"]
[Round "2.23"]
[White "Mufic, Goran"]
[Black "Saric, Ibro"]
[Result "0-1"]
[WhiteElo "2254"]
[BlackElo "2546"]
[PlyCount "100"]
[EventDate "2018.09.15"]
[WhiteTeam "AŠK JUNIOR Rijeka"]
[BlackTeam "ŠK MORNAR Split"]

1. d4 g6 2. Bg5 Bg7 3. c3 c5 4. e3 Nf6 5. Nd2 cxd4 6. exd4 O-O 7. Ngf3 d6 8.
Bc4 h6 9. Bh4 Qc7 10. O-O Nc6 11. a4 e5 12. dxe5 dxe5 13. Qe2 Nh5 14. Bg3 Kh7
15. Bd5 Nxg3 16. hxg3 f5 17. Qc4 Qb6 18. Qb5 e4 19. Qxb6 axb6 20. Bxc6 bxc6 21.
Nd4 Bd7 22. Nc4 c5 23. Nb3 Be6 24. Nbd2 Ra6 25. Ra3 Rd8 26. Rfa1 h5 27. Kf1 Bh6
28. Ke2 Ra7 29. Rd1 Rad7 30. Raa1 f4 31. gxf4 Bxf4 32. b3 Bg4+ 33. f3 exf3+ 34.
gxf3 Bf5 35. Ne4 Rxd1 36. Rxd1 Rxd1 37. Kxd1 Bxe4 38. fxe4 Bc7 39. b4 cxb4 40.
cxb4 h4 41. Ke2 h3 42. Kf1 g5 43. a5 bxa5 44. bxa5 g4 45. Kg1 g3 46. Kh1 Bb8
47. Ne3 Kg6 48. a6 Kg5 49. e5 Kf4 50. a7 Bxa7 0-1

[Event "27. ekipno prvenstvo RH - I.B"]
[Site "Biograd, Hotel Adria"]
[Date "2018.09.16"]
[Round "2.24"]
[White "Plenca, Julijan"]
[Black "Doric, Nenad"]
[Result "1-0"]
[WhiteElo "2417"]
[BlackElo "2249"]
[PlyCount "81"]
[EventDate "2018.09.15"]
[WhiteTeam "ŠK MORNAR Split"]
[BlackTeam "AŠK JUNIOR Rijeka"]

1. e4 e5 2. Nf3 Nf6 3. Nxe5 d6 4. Nf3 Nxe4 5. Bd3 Nf6 6. O-O Be7 7. h3 O-O 8.
c3 Nbd7 9. Bc2 b6 10. d4 Bb7 11. Re1 Re8 12. Bf4 Bf8 13. Nbd2 Rxe1+ 14. Qxe1
Qe7 15. Qf1 Re8 16. c4 Qd8 17. d5 b5 18. cxb5 Nxd5 19. Bg3 Qf6 20. Qb1 g6 21.
Ne4 Qd8 22. Bb3 Bg7 23. Bh4 Qa8 24. Qc2 Ne5 25. Nxe5 Rxe5 26. f3 Qe8 27. Bxd5
Bxd5 28. Nf6+ Bxf6 29. Bxf6 Re1+ 30. Rxe1 Qxe1+ 31. Kh2 Qe6 32. Bd4 Bc4 33. b3
Bxb5 34. Qxc7 a6 35. Qd8+ Be8 36. b4 h5 37. a4 f6 38. b5 axb5 39. axb5 Kf7 40.
b6 Qf5 41. Qxd6 1-0

[Event "27. ekipno prvenstvo RH - I.B"]
[Site "Biograd, Hotel Adria"]
[Date "2018.09.16"]
[Round "2.25"]
[White "Tomulic, Teo"]
[Black "Bobanac, Miro"]
[Result "1/2-1/2"]
[WhiteElo "2264"]
[BlackElo "2288"]
[PlyCount "165"]
[EventDate "2018.09.15"]
[WhiteTeam "AŠK JUNIOR Rijeka"]
[BlackTeam "ŠK MORNAR Split"]

1. e4 c5 2. Nf3 e6 3. d4 cxd4 4. Nxd4 a6 5. Bd3 Qc7 6. O-O Nc6 7. Nxc6 dxc6 8.
Be3 Nf6 9. f4 e5 10. f5 b5 11. c4 Bb7 12. Nd2 Rd8 13. Qe2 Qd6 14. Bc2 Qb4 15.
Nb3 Nd7 16. c5 Qc4 17. Bd3 Qa4 18. Kh1 Be7 19. Rfc1 h6 20. Bd2 Bg5 21. Na5 Bxd2
22. Qxd2 Ba8 23. b4 Qa3 24. Nb3 Nf6 25. Qc3 O-O 26. Rc2 Rd7 27. Re1 Rfd8 28.
Be2 Nxe4 29. Qxe5 Qxb4 30. Rf1 Nf6 31. Bf3 a5 32. Nc1 Re8 33. Qg3 a4 34. Ne2
Qa3 35. Nf4 b4 36. Rb1 Rde7 37. h3 Re3 38. Qf2 b3 39. axb3 axb3 40. Rcc1 Qb4
41. Nh5 Nxh5 42. Bxh5 Qe4 43. Rd1 Bb7 44. Kg1 Qe7 45. Rbc1 Ba6 46. Rd6 Re1+ 47.
Rxe1 Qxe1+ 48. Qxe1 Rxe1+ 49. Kh2 Bc4 50. Rd8+ Kh7 51. Rb8 Rc1 52. Bf3 Bb5 53.
Bh5 g6 54. fxg6+ fxg6 55. Rb7+ Kh8 56. Bxg6 b2 57. h4 b1=Q 58. Rh7+ Kg8 59.
Bxb1 Rxb1 60. Rxh6 Rc1 61. g4 Rxc5 62. g5 Rc3 63. Rd6 Be2 64. Kg2 c5 65. Kf2
Bg4 66. g6 Kg7 67. Rd5 c4 68. Rc5 Rf3+ 69. Ke1 c3 70. h5 Rh3 71. Rc7+ Kg8 72.
h6 Rxh6 73. Rxc3 Rxg6 74. Kd2 Kg7 75. Ke3 Be6 76. Kf4 Kf6 77. Rg3 Rh6 78. Re3
Rh4+ 79. Kg3 Rb4 80. Rc3 Kg5 81. Ra3 Rg4+ 82. Kf2 Bf5 83. Rg3 1/2-1/2

[Event "27. ekipno prvenstvo RH - I.B"]
[Site "Biograd, Hotel Adria"]
[Date "2018.09.16"]
[Round "2.26"]
[White "Brulic, Denis"]
[Black "Safar, Sandro"]
[Result "1-0"]
[WhiteElo "2232"]
[BlackElo "2214"]
[PlyCount "73"]
[EventDate "2018.09.15"]
[WhiteTeam "ŠK MORNAR Split"]
[BlackTeam "AŠK JUNIOR Rijeka"]

1. e4 c5 2. Nf3 Nc6 3. d4 cxd4 4. Nxd4 g6 5. c4 Bg7 6. Be3 Nf6 7. Nc3 d6 8. Be2
O-O 9. O-O Bd7 10. h3 Nxd4 11. Bxd4 Bc6 12. Qc2 a5 13. Rad1 Nd7 14. Bxg7 Kxg7
15. Bg4 Ne5 16. c5 Qb8 17. cxd6 exd6 18. Rd4 Rd8 19. Rfd1 b5 20. Nd5 Bxd5 21.
Rxd5 Qb6 22. Be2 Rac8 23. Qb3 b4 24. a3 Rb8 25. axb4 Qxb4 26. Qxb4 Rxb4 27.
Rxe5 Rxb2 28. Bf1 dxe5 29. Rxd8 Rb4 30. f3 Kf6 31. Rd6+ Kg5 32. Rd5 Ra4 33.
Rxe5+ Kf4 34. Re7 f6 35. Kf2 h5 36. h4 Ra2+ 37. Be2 1-0

[Event "27. ekipno prvenstvo RH - I.B"]
[Site "Biograd, Hotel Adria"]
[Date "2018.09.16"]
[Round "2.31"]
[White "Srbis, Jurica"]
[Black "Brkic, Ante"]
[Result "0-1"]
[WhiteElo "2428"]
[BlackElo "2565"]
[PlyCount "170"]
[EventDate "2018.09.15"]
[WhiteTeam "ŠŠK PODRAVKA Koprivnica"]
[BlackTeam "ŠK VINKOVCI Vinkovci"]

1. d4 d5 2. Nf3 Nf6 3. c4 e6 4. g3 Bb4+ 5. Bd2 Be7 6. Bg2 Nbd7 7. O-O c6 8. Qc2
b6 9. Bf4 Bb7 10. Rd1 Rc8 11. Qa4 a6 12. Ne5 O-O 13. Nc3 b5 14. Qb3 Nxe5 15.
dxe5 Nd7 16. cxd5 cxd5 17. e4 Nc5 18. Qc2 d4 19. Be3 dxe3 20. Rxd8 Rfxd8 21.
fxe3 b4 22. Ne2 Nd3 23. Qb3 Nxe5 24. Rd1 Rxd1+ 25. Qxd1 Bc5 26. h3 Bxe3+ 27.
Kh2 Bc5 28. a3 a5 29. axb4 axb4 30. Nf4 g6 31. b3 Kf8 32. Qf1 Ke7 33. Qb5 Rc7
34. Nd3 Nxd3 35. Qxd3 Bd6 36. Qb5 e5 37. h4 h5 38. Qb6 Bc8 39. Qe3 Be6 40. Bf1
Rc2+ 41. Kh1 Rc3 42. Qg5+ Kd7 43. Bb5+ Kc7 44. Bc4 Bg4 45. Kg2 Bf3+ 46. Kf1
Bxe4 47. Ke1 Rf3 48. Ke2 Bc6 49. Bd3 Kd7 50. Bc4 e4 51. Bb5 Rxg3 52. Qd5 Bxb5+
53. Qxb5+ Ke7 54. Qb7+ Kf6 55. Qc6 Rd3 56. Kf1 Rd4 57. Ke2 Kg7 58. Ke3 Be5 59.
Qc2 Bf6 60. Qa2 Rd3+ 61. Kxe4 Rd4+ 62. Kf3 Rxh4 63. Qa4 Rd4 64. Qb5 h4 65. Kg2
g5 66. Qf5 Rf4 67. Qd5 g4 68. Qh5 Re4 69. Qf5 Re5 70. Qf2 h3+ 71. Kg3 Rg5 72.
Qe3 Rh5 73. Qe4 h2 74. Qh1 Rh4 75. Kf4 Kh6 76. Qc6 Kg7 77. Qh1 Be7 78. Qa1+ Kh7
79. Qb1+ Kh6 80. Qh1 Bg5+ 81. Kf5 g3 82. Qc6+ f6 83. Qc8 Rf4+ 84. Ke6 Kh5 85.
Kf7 h1=Q 0-1

[Event "27. ekipno prvenstvo RH - I.B"]
[Site "Biograd, Hotel Adria"]
[Date "2018.09.16"]
[Round "2.32"]
[White "Kadric, Denis"]
[Black "Ostovic, Matija"]
[Result "1-0"]
[WhiteElo "2543"]
[BlackElo "2390"]
[PlyCount "107"]
[EventDate "2018.09.15"]
[WhiteTeam "ŠK VINKOVCI Vinkovci"]
[BlackTeam "ŠŠK PODRAVKA Koprivnica"]

1. e4 d6 2. d4 Nf6 3. Nc3 e5 4. Nf3 Nbd7 5. a4 Be7 6. Bc4 O-O 7. O-O exd4 8.
Nxd4 Nb6 9. Bb3 c5 10. Ndb5 Bg4 11. Qd3 Rc8 12. Na3 Be6 13. Bxe6 fxe6 14. Qh3
Qd7 15. a5 Na8 16. Rd1 Nc7 17. Nc4 Qc6 18. e5 dxe5 19. Nxe5 Qa6 20. Bg5 Rfd8
21. Re1 Ncd5 22. Nxd5 Nxd5 23. Nf3 Bf6 24. Rxe6 Qc4 25. c3 Nf4 26. Bxf4 Qxf4
27. Rae1 Rf8 28. Qh5 Qc7 29. a6 b6 30. Nd2 g6 31. Qe2 Qd7 32. Qc4 Kh8 33. Ne4
b5 34. Nxf6 Rxf6 35. Qe4 Rxe6 36. Qxe6 Qxe6 37. Rxe6 Rd8 38. g3 Rd2 39. Re8+
Kg7 40. Re7+ Kh6 41. Rxa7 Rxb2 42. Rc7 c4 43. a7 Ra2 44. h4 Ra4 45. Kg2 Ra3 46.
Kh3 Ra2 47. Kg4 Ra3 48. Kf4 Ra2 49. g4 g5+ 50. hxg5+ Kg6 51. f3 Ra3 52. Rb7 Ra5
53. Ke4 Ra3 54. f4 1-0

[Event "27. ekipno prvenstvo RH - I.B"]
[Site "Biograd, Hotel Adria"]
[Date "2018.09.16"]
[Round "2.33"]
[White "Ivekovic, Zvonimir"]
[Black "Maier, Christian"]
[Result "1-0"]
[WhiteElo "2424"]
[BlackElo "2357"]
[PlyCount "79"]
[EventDate "2018.09.15"]
[WhiteTeam "ŠŠK PODRAVKA Koprivnica"]
[BlackTeam "ŠK VINKOVCI Vinkovci"]

1. e4 e5 2. Nf3 Nc6 3. d4 exd4 4. Nxd4 d6 5. Nc3 Nf6 6. Be2 Be7 7. g4 h6 8. Rg1
Nxd4 9. Qxd4 c6 10. Bf4 g5 11. Be3 Qa5 12. O-O-O Be6 13. Kb1 c5 14. Qd3 O-O-O
15. Nd5 Bxd5 16. exd5 Nd7 17. Bd2 Qc7 18. Bc3 Bf6 19. Bxf6 Nxf6 20. Qf5+ Nd7
21. h4 Rhg8 22. Rde1 Kb8 23. f4 gxf4 24. Qxf4 Ne5 25. Qxh6 Qe7 26. h5 Rg5 27.
a3 Rdg8 28. Rgf1 Qd8 29. Rf6 Kc7 30. Ref1 Qf8 31. Qh7 R8g7 32. Qe4 Nd7 33. h6
Nxf6 34. hxg7 Qd8 35. Qf4 Nxd5 36. Qxf7+ Ne7 37. Bc4 b5 38. Re1 bxc4 39. Rxe7+
Kb6 40. Qf8 1-0

[Event "27. ekipno prvenstvo RH - I.B"]
[Site "Biograd, Hotel Adria"]
[Date "2018.09.16"]
[Round "2.34"]
[White "Stocko, Josip"]
[Black "Mathe, Gaspar"]
[Result "1-0"]
[WhiteElo "2322"]
[BlackElo "2308"]
[PlyCount "77"]
[EventDate "2018.09.15"]
[WhiteTeam "ŠK VINKOVCI Vinkovci"]
[BlackTeam "ŠŠK PODRAVKA Koprivnica"]

1. e4 e5 2. Nf3 Nc6 3. Bc4 Bc5 4. c3 Qe7 5. O-O d6 6. d3 Nf6 7. Bb3 O-O 8. h3
h6 9. Re1 Bb6 10. Nbd2 Na5 11. Bc2 c5 12. a3 Bc7 13. Nf1 Nc6 14. Ne3 Be6 15. d4
cxd4 16. cxd4 Bd7 17. Nd5 Nxd5 18. exd5 Nd8 19. dxe5 dxe5 20. Bf4 f6 21. Nh4
Re8 22. Bg6 Rf8 23. Qc2 Be8 24. Rac1 Bd6 25. Re3 Qd7 26. Bxh6 Bxg6 27. Qxg6 Rf7
28. Nf5 Bf8 29. Rg3 b5 30. h4 Nb7 31. Bxg7 Rxg7 32. Nxg7 Bxg7 33. h5 Nd6 34. h6
Nf5 35. Rh3 Nd4 36. hxg7 Ne2+ 37. Kf1 Qxh3 38. gxh3 Nxc1 39. Qh6 1-0

[Event "27. ekipno prvenstvo RH - I.B"]
[Site "Biograd, Hotel Adria"]
[Date "2018.09.16"]
[Round "2.35"]
[White "Vrban, Mladen"]
[Black "Pucovski, Miroslav"]
[Result "1/2-1/2"]
[WhiteElo "2280"]
[BlackElo "2241"]
[PlyCount "230"]
[EventDate "2018.09.15"]
[WhiteTeam "ŠŠK PODRAVKA Koprivnica"]
[BlackTeam "ŠK VINKOVCI Vinkovci"]

1. f4 d5 2. Nf3 g6 3. g3 Bg7 4. Bg2 Nh6 5. c3 O-O 6. O-O c6 7. d3 Qb6+ 8. Kh1
Nf5 9. e4 dxe4 10. dxe4 Ne3 11. Bxe3 Qxe3 12. Nd4 e5 13. Na3 exd4 14. Nc2 Bg4
15. Qxg4 Qd2 16. Nxd4 Qxb2 17. Ne2 Qa3 18. Rab1 Qe7 19. e5 Na6 20. Nd4 Nc5 21.
Rbe1 f6 22. exf6 Qxf6 23. f5 Kh8 24. Qd1 Rae8 25. Rxe8 Rxe8 26. Qb1 Qd6 27.
fxg6 hxg6 28. Rf4 Rf8 29. Rh4+ Kg8 30. Qb4 Qe7 31. Qc4+ Rf7 32. Rf4 Nd7 33. Ne6
Rxf4 34. Nxf4+ Qf7 35. Qe2 Bh6 36. Bh3 Nf8 37. Ne6 Qf6 38. Nd4 Qg5 39. Qc4+ Kh8
40. Bf1 Qe3 41. Qf7 Qe4+ 42. Nf3 Qd5 43. Qf6+ Kg8 44. h4 Bg7 45. Qf4 b5 46. c4
Qd1 47. Kg2 a6 48. Qe4 Qd6 49. a4 Qe6 50. Qxe6+ Nxe6 51. cxb5 cxb5 52. axb5
axb5 53. Bxb5 Nd4 54. Bc4+ Kf8 55. Ng5 Bh6 56. Ne4 Kg7 57. Bd3 Bc1 58. Nd6 Ba3
59. Nc4 Be7 60. Ne5 g5 61. h5 Ba3 62. g4 Bc1 63. Be4 Bd2 64. Kf2 Bf4 65. Nd3
Bd2 66. Bg6 Kf6 67. Be8 Kg7 68. Ba4 Kh6 69. Bd7 Kg7 70. Be8 Kh6 71. Bg6 Kg7 72.
Be4 Kh6 73. Ne5 Kg7 74. Bg6 Kh6 75. Bd3 Kg7 76. Bc4 Bf4 77. Nf7 Nc6 78. Be6 Ne5
79. Nd8 Bc1 80. Bf5 Nf7 81. Ne6+ Kf6 82. Nc7 Nh6 83. Bc8 Ke5 84. Kf3 Bd2 85.
Bb7 Ba5 86. Nb5 Bd2 87. Ba8 Ba5 88. Be4 Bb4 89. Na7 Bc3 90. Ba8 Ba1 91. Nc6+
Kd6 92. Nb4 Ke5 93. Nd3+ Kf6 94. Bd5 Bd4 95. Bb3 Kg7 96. Ke4 Nxg4 97. Kxd4 Nf6
98. Ke5 Nxh5 99. Kf5 Nf6 100. Kxg5 Ne4+ 101. Kf5 Nd6+ 102. Ke6 Nf7 103. Nf4
Ng5+ 104. Kf5 Nf7 105. Ne6+ Kh6 106. Kf6 Nd6 107. Bc2 Ne8+ 108. Kf7 Nd6+ 109.
Ke7 Nc4 110. Kf6 Ne3 111. Be4 Ng4+ 112. Kf5 Ne3+ 113. Ke5 Ng4+ 114. Kf4 Nf6
115. Ke5 Nxe4 1/2-1/2

[Event "27. ekipno prvenstvo RH - I.B"]
[Site "Biograd, Hotel Adria"]
[Date "2018.09.16"]
[Round "2.36"]
[White "Bubalovic, Davorin"]
[Black "Matijevic, Hrvoje"]
[Result "1/2-1/2"]
[WhiteElo "2206"]
[BlackElo "2228"]
[PlyCount "87"]
[EventDate "2018.09.15"]
[WhiteTeam "ŠK VINKOVCI Vinkovci"]
[BlackTeam "ŠŠK PODRAVKA Koprivnica"]

1. e4 d6 2. d4 Nf6 3. Nc3 e5 4. Nf3 Nbd7 5. Bc4 Be7 6. a4 O-O 7. O-O exd4 8.
Nxd4 Nb6 9. Ba2 c5 10. Nde2 Be6 11. Bxe6 fxe6 12. Nf4 Qd7 13. Qe2 d5 14. e5 Ne8
15. a5 Nc8 16. Qg4 Nc7 17. Nh5 g6 18. Rd1 Rf5 19. Ng3 Rxe5 20. Bf4 Bd6 21. Bxe5
Bxe5 22. Qg5 Bxg3 23. Qxg3 Nd6 24. Re1 Rf8 25. Qe5 Rf5 26. Qe2 Rf7 27. Rad1 Nf5
28. Qd3 Nd4 29. Ne2 Nc6 30. Qd2 d4 31. c3 e5 32. Ng3 Nd5 33. Qg5 b6 34. axb6
axb6 35. cxd4 cxd4 36. Ra1 Nf4 37. Ne4 Kg7 38. h3 h6 39. Qg4 Qd5 40. Qc8 Rf8
41. Qb7+ Rf7 42. Qc8 Na7 43. Qb8 Nc6 44. Qd6 1/2-1/2

[Event "27. ekipno prvenstvo RH - I.B"]
[Site "Biograd, Hotel Adria"]
[Date "2018.09.16"]
[Round "2.41"]
[White "Ruck, Robert"]
[Black "Pap, Misa"]
[Result "1-0"]
[WhiteElo "2502"]
[BlackElo "2482"]
[PlyCount "135"]
[EventDate "2018.09.15"]
[WhiteTeam "ŠK ĐURO ĐAKOVIĆ Slavonski Brod"]
[BlackTeam "ŠK ŠIBENIK Šibenik"]

1. Nf3 Nf6 2. c4 b6 3. Nc3 Bb7 4. d4 g6 5. d5 Bg7 6. e4 d6 7. Be2 O-O 8. O-O e6
9. Bf4 Nbd7 10. Qc2 Nh5 11. Bg5 Qe8 12. Nd2 h6 13. Be3 Nhf6 14. Rae1 a5 15. a3
Ne5 16. h3 g5 17. f4 gxf4 18. Bxf4 Nfd7 19. Kh1 Qe7 20. Rf2 Ng6 21. Bg3 Bd4 22.
Rff1 Be5 23. Bxe5 Ndxe5 24. Rf2 Ba6 25. Ref1 Qg5 26. Nf3 Nxf3 27. Rxf3 Ne5 28.
Rf4 Kg7 29. Nd1 Rg8 30. Ne3 Kh8 31. R1f2 Ng6 32. Qc3+ e5 33. Rxf7 Raf8 34. Rxf8
Rxf8 35. Rxf8+ Nxf8 36. Bg4 Ng6 37. Qe1 Qf4 38. Kg1 Ne7 39. Bf3 Ng8 40. Qf2 Nf6
41. g3 Qg5 42. b3 Bc8 43. Bg2 Kg7 44. Qf3 h5 45. Kf2 Bd7 46. Ke2 Bc8 47. Kd3
Bd7 48. Kc2 Kf8 49. Nf1 Ke7 50. Nd2 Qg6 51. Kc3 Qh6 52. b4 axb4+ 53. axb4 Be8
54. Qf2 Qf8 55. Qe3 Bd7 56. Qg5 Kf7 57. Bf3 Qh8 58. h4 Bg4 59. Bxg4 hxg4 60.
Qf5 Qa8 61. h5 Qh8 62. Qe6+ Kg7 63. Qe7+ Kh6 64. Qxc7 Qf8 65. Qxb6 Nxe4+ 66.
Nxe4 Qf3+ 67. Kd2 Qxe4 68. Qe3+ 1-0

[Event "27. ekipno prvenstvo RH - I.B"]
[Site "Biograd, Hotel Adria"]
[Date "2018.09.16"]
[Round "2.42"]
[White "Nikcevic, Nebojsa"]
[Black "Horvath, Adam"]
[Result "1/2-1/2"]
[WhiteElo "2428"]
[BlackElo "2481"]
[PlyCount "60"]
[EventDate "2018.09.15"]
[WhiteTeam "ŠK ŠIBENIK Šibenik"]
[BlackTeam "ŠK ĐURO ĐAKOVIĆ Slavonski Brod"]

1. Nf3 Nf6 2. c4 e6 3. Nc3 d5 4. d4 dxc4 5. e3 a6 6. a4 c5 7. Bxc4 Nc6 8. O-O
Be7 9. Qe2 cxd4 10. Rd1 e5 11. exd4 exd4 12. Nxd4 Nxd4 13. Qe5 Qd6 14. Qxd4
Qxd4 15. Rxd4 Bc5 16. Rd1 O-O 17. h3 Be6 18. Bxe6 fxe6 19. Be3 Bxe3 20. fxe3
Rad8 21. a5 Kf7 22. Rxd8 Rxd8 23. Ra4 Ke7 24. Rb4 Rd7 25. Kf2 Rc7 26. Ke2 Nd7
27. Re4 Rc5 28. Rb4 Rc7 29. Re4 Rc5 30. Rb4 Rc7 1/2-1/2

[Event "27. ekipno prvenstvo RH - I.B"]
[Site "Biograd, Hotel Adria"]
[Date "2018.09.16"]
[Round "2.51"]
[White "Livaic, Leon"]
[Black "Sprenger, Jan Michael Dr"]
[Result "1/2-1/2"]
[WhiteElo "2483"]
[BlackElo "2490"]
[PlyCount "102"]
[EventDate "2018.09.15"]
[WhiteTeam "HAŠK MLADOST Zagreb"]
[BlackTeam "ŠK BRDA Split"]

1. d4 Nf6 2. c4 e6 3. Nf3 b6 4. g3 Ba6 5. Qc2 c5 6. d5 exd5 7. cxd5 Bb7 8. Bg2
Nxd5 9. O-O Be7 10. Qe4 Bc6 11. Ne5 O-O 12. Nxc6 dxc6 13. Nc3 Nxc3 14. bxc3 Bf6
15. Bf4 Bxc3 16. Rad1 Qe8 17. Qd3 Be5 18. Bxe5 Qxe5 19. f4 Qe6 20. f5 Qf6 21.
g4 Qd4+ 22. Qxd4 cxd4 23. Rxd4 Na6 24. Bxc6 Rad8 25. Rfd1 Rxd4 26. Rxd4 Nc5 27.
Rd6 Rc8 28. g5 Kf8 29. e4 b5 30. Kg2 b4 31. Kf3 Nd3 32. Bb5 Nc1 33. Ra6 Rc5 34.
Bf1 b3 35. axb3 Nxb3 36. Kf4 Rc7 37. Ra3 Nc5 38. e5 Rb7 39. Ra5 Rb4+ 40. Kf3
Ne4 41. h4 Nd2+ 42. Ke2 Nxf1 43. Kxf1 Rf4+ 44. Kg2 Rxf5 45. Rxa7 Rxe5 46. Kg3
g6 47. Kg4 Kg7 48. Rb7 Rf5 49. h5 h6 50. gxh6+ Kxh6 51. hxg6 fxg6 1/2-1/2